Online
Catalog

Filosofía de la historia / (Record no. 7270)

MARC details
000 -CABECERA
campo de control de longitud fija 01007cam a2200229 a 4500
001 - NÚMERO DE CONTROL
campo de control 000007489
005 - FECHA Y HORA DE LA ÚLTIMA TRANSACCIÓN
campo de control 20200929154204.0
008 - DATOS DE LONGITUD FIJA--INFORMACIÓN GENERAL
campo de control de longitud fija 880302s1941 mx 000 0 spa
040 ## - FUENTE DE LA CATALOGACIÓN
Centro catalogador/agencia de origen DO-SdBNP
Centro/agencia transcriptor CLU
Centro/agencia modificador DLC
082 ## - NÚMERO DE LA CLASIFICACIÓN DECIMAL DEWEY
Número de clasificación 901
Número de documento/Ítem K167f
049 ## - FONDOS LOCALES (OCLC)
Fondos de biblioteca BNGR
100 1# - ENTRADA PRINCIPAL--NOMBRE DE PERSONA
Nombre de persona Kant
Forma completa/desarrollada del nombre (Immanuel Kant),
Fechas asociadas al nombre 1724-1804.
9 (RLIN) 20803
245 10 - MENCIÓN DE TÍTULO
Título Filosofía de la historia /
Mención de responsabilidad, etc. Kant ; prólogo Eugenio Imaz.
260 ## - PUBLICACIÓN, DISTRIBUCIÓN, ETC.
Lugar de publicación, distribución, etc. México :
Nombre del editor, distribuidor, etc. El Colegio de México,
Fecha de publicación, distribución, etc. 1941.
300 ## - DESCRIPCIÓN FÍSICA
Extensión 147 p. ;
Dimensiones 18 cm.
490 1# - MENCIÓN DE SERIE
Mención de serie Textos clásicos de filosofía,
Designación de volumen o secuencia 1
505 0# - NOTA DE CONTENIDO CON FORMATO
Nota de contenido con formato Prólogo del traductor -- Qué es la ilustracion? -- Idea de una historia universal en sentido cosmopolita.--Comienzo presunto de la historia humana -- Si el género humano se halla en progreso constante hacia mejor -- El fin de todas las cosas -- Nota del traductor.
650 #4 - PUNTO DE ACCESO ADICIONAL DE MATERIA--TÉRMINO DE MATERIA
Término de materia o nombre geográfico como elemento de entrada Filosofía de la historia
9 (RLIN) 4944
700 1# - PUNTO DE ACCESO ADICIONAL--NOMBRE DE PERSONA
Nombre de persona Imaz, Eugenio,
Fechas asociadas al nombre 1900-1951.
Término indicativo de función/relación pról.
9 (RLIN) 20804
830 #0 - PUNTO DE ACCESO ADICIONAL DE SERIE-TÍTULO UNIFORME
Título uniforme Textos clásicos de filosofía,
Designación de volumen o secuencia 1
9 (RLIN) 20805
910 ## - DATOS DE OPCIÓN DEL USUARIO (OCLC)
Datos de opción del usuario Catalogación por copia / LC
Holdings
Estado de retiro Estado de pérdida Restricciones de uso No para préstamo Código de colección Localización permanente Ubicación/localización actual Ubicación en estantería Fecha de adquisición Número de inventario Total de préstamos Signatura topográfica completa Código de barras Fecha visto por última vez Precio válido a partir de Tipo de ítem Koha
        Monografías: Libros y Folletos General General En catalogación 08.09.2009 LF1   901 K167f 7489-10 25.06.2020 25.06.2020 Préstamo en sala

Powered by Koha